| 000 | 01219cam a2200217 4500 | ||
|---|---|---|---|
| 001 | ABS65771 | ||
| 008 | 020715n2002 000 0 eng u | ||
| 035 | _a(Sirsi) u118818 | ||
| 100 | _aKnutt, E | ||
| 245 | 4 | _aThe loved one? | |
| 260 | _c2002 | ||
| 490 |
_aEstates Gazette _v(0225) 22 June 2002, 75-77(3) |
||
| 520 | _aDiscusses the private care home sector and suggests that a joint venture between PRICOA and US operator Sunrise Assisted Living could see a resurgence in what is known to be a difficult sector. Presents the pros and cons of investing in the care home sector, and gives the views of agents, some of whom argue that the supply/demand balance is favouring the operator and that well managed homes trading at high occupancy levels can make reasonable returns. Concludes that while managing care homes is difficult and the sector does not appeal to the general property investor, Sunrise's entry into the market could turn this around. Details of Sunrise's proposed UK roll-out. | ||
| 590 | _aABS | ||
| 650 | _aCARE HOMES | ||
| 650 | _aPRIVATE CARE HOME SECTOR | ||
| 650 | _aOPERATORS | ||
| 650 | _aPROPERTY INVESTMENT | ||
| 690 | _aPROPERTY MANAGEMENT-RESIDENTIAL PROPERTY | ||
| 942 | _n0 | ||
| 999 |
_c70729 _d70729 |
||